| 000 | 00776nam a2200205Ia 4500 | ||
|---|---|---|---|
| 999 |
_c39081 _d39081 |
||
| 001 | 5647 | ||
| 003 | GE_BSU | ||
| 005 | 20191024155202.0 | ||
| 008 | 181216s2012||||ge |||||||||||||| ||geo|| | ||
| 020 | _a9789941929632 | ||
| 040 | _cGE_BSU | ||
| 041 | _ageo | ||
| 080 | _a32(479.223)+94(479.223) გ-61 | ||
| 100 |
_aგოგოლიშვილი, ოთარ _9930 |
||
| 245 | _aსაზოგადოებრივ-პოლიტიკური ვითარება ბათუმის ოლქში 1900-1910 წწ . | ||
| 264 |
_aთბილისი : _bსაჩინო, _c2012. |
||
| 300 |
_a186 გვ.; _bილ. _c20 სმ. |
||
| 653 | _aპოლიტიკური მდგომარეობა ბათუმში | ||
| 942 |
_cBK _2udc |
||